000 00612nam a2200229Ia 4500
003 OSt
005 20220928141854.0
006 a|||||r|||| 00| 0
007 ta
008 220927b |||||||| |||| 00| 0 eng d
024 _a18218
037 _cTextual
040 _aSDCL
_cSDCL
_beng
041 _2eng
_aeng
082 _aX:87, L7
100 _aTodes Jay L
_9502589
245 0 _aManagement and motivation
_b An introduction to supervision
260 _c1977
700 _a McKinney John
_9502590
942 _hX:87, L7
_cTEXL
_2CC
999 _c820479
_d820479